| 000 | 00651nam a22001695i 4500 | ||
|---|---|---|---|
| 001 | 156532 | ||
| 003 | ES-MaACL | ||
| 005 | 20230906210431.0 | ||
| 008 | 970226s1899 sp |||| | spa d | ||
| 040 |
_aCLM _bspa _cCCPB | SIC |
||
| 100 | 1 |
_aJusué, Eduardo. _967366 |
|
| 245 | 1 | 0 |
_aTablas para comprobación de fechas en documentos históricos / _cpor Eduardo Jusué. |
| 260 |
_aMadrid : _b[s.n.], _c1899 ( _fImprenta de Luis Aguado) |
||
| 300 |
_a80 p. ; _c21 cm. |
||
| 650 | 0 | 4 |
_aCronología. _911457 |
| 852 |
_aES-MaACL _jT-924-F-1 _z-- Enc. hol., conservando la enc. editorial _z-- Enc. en un vol. facticio _z.- Donativo del Ministerio de Fomento |
||
| 999 |
_c156532 _d156532 |
||